[Event "GER-ch Net blitz qual2"]
[Site "Playchess.com INT"]
[Date "2021.05.04"]
[Round "1"]
[White "Bascheck, Ralf"]
[Black "Blum, Frederik"]
[Result "0-1"]
[WhiteElo "1593"]
[BlackElo "1903"]
[PlyCount "78"]
[EventDate "2021.05.04"]
[EventType "swiss (blitz)"]
[EventRounds "11"]
[EventCountry "GER"]
[SourceTitle "CBM 202 Extra"]
[Source "ChessBase"]
[SourceDate "2021.07.31"]
[SourceVersion "1"]
[SourceVersionDate "2021.07.31"]
[SourceQuality "1"]

1. Nf3 Nf6 2. g3 g6 3. Bg2 Bg7 4. d4 0-0 5. c4 d5 6. cxd5 Nxd5 7. 0-0 Bg4 8. Nc3 Nxc3 9. bxc3 c6 10. Rb1 Qc8 11. Bf4 Nd7 12. Nd2 e5 13. dxe5 Nxe5 14. f3 Be6 15. Qc2 b5 16. Ne4 Nc4 17. Nd6 Nxd6 18. Bxd6 Re8 19. Bc5 Bc4 20. Rfe1 Qe6 21. Rb2 Bf8 22. Bxf8 Qe3+ 23. Kh1 Kxf8 24. Qd2 Rad8 25. Qxe3 Rxe3 26. f4 c5 27. Bf3 Rxc3 28. Reb1 a6 29. Bc6 b4 30. a4 Re3 31. Bf3 Bd5 32. Bxd5 Rxd5 33. Rc2 a5 34. Rbc1 b3 35. Rxc5 Rxc5 36. Rxc5 Rxe2 37. Rxa5 b2 38. Rb5 Re1+ 39. Kg2 b1Q 0-1

[Event "DSOL 04 Liga Gr-B 1st"]
[Site "Playchess.com INT"]
[Date "2020.07.27"]
[Round "6.2"]
[White "Kaiser, Sebastian"]
[Black "Bascheck, Ralf"]
[Result "0-1"]
[WhiteElo "1869"]
[BlackElo "1771"]
[PlyCount "71"]
[EventDate "2020.06.22"]
[EventType "team-tourn (rapid)"]
[EventCountry "GER"]
[SourceTitle "EXT 2021"]
[Source "ChessBase"]
[SourceDate "2020.10.23"]
[SourceVersion "1"]
[SourceVersionDate "2020.10.23"]
[SourceQuality "1"]
[WhiteTeam "Grossroehrsdorf"]
[BlackTeam "Bielefeld Sieker"]
[WhiteTeamCountry "GER"]
[BlackTeamCountry "GER"]

1. d4 Nf6 2. Nf3 g6 3. c4 Bg7 4. Nc3 d5 5. Bf4 c5 6. cxd5 Nxd5 7. Nxd5 Qxd5 8. Bxb8 Rxb8 9. e3 0-0 10. Be2 cxd4 11. Nxd4 Qa5+ 12. Qd2 Qxd2+ 13. Kxd2 Rd8 14. Kc3 Bf5 15. Rad1 Rbc8+ 16. Kb4 Bxd4 17. Rxd4 Rxd4+ 18. exd4 Rc2 19. Re1 Rxb2+ 20. Kc3 Rxa2 21. h3 Rc2+ 22. Kb3 Rd2 23. Kc3 Ra2 24. Kb3 Be6+ 25. Kc3 Bd5 26. g3 e6 27. h4 h5 28. Kd3 b5 29. Kc3 a6 30. Kb4 Kf8 31. Kc5 Ke7 32. Kb4 Kd6 33. Kc3 Kc7 34. Kb4 Kb6 35. Kc3 a5 36. Bd3 0-1

[Event "GER Cup Net V3 U2000"]
[Site "Playchess.com INT"]
[Date "2020.05.27"]
[Round "4"]
[White "Bascheck, Ralf"]
[Black "Friedrich, Karl"]
[Result "1/2-1/2"]
[WhiteElo "1487"]
[BlackElo "1747"]
[PlyCount "66"]
[EventDate "2020.05.27"]
[EventType "swiss (blitz)"]
[EventRounds "9"]
[EventCountry "GER"]
[SourceTitle "EXT 2021"]
[Source "ChessBase"]
[SourceDate "2020.10.23"]
[SourceVersion "1"]
[SourceVersionDate "2020.10.23"]
[SourceQuality "1"]

1. Nf3 e6 2. g3 d5 3. Bg2 c5 4. 0-0 Nf6 5. d4 Nc6 6. c4 cxd4 7. Qa4 dxc4 8. Nxd4 Bd7 9. Qxc4 Rc8 10. Nc3 a6 11. Bg5 Be7 12. Qd3 0-0 13. e3 Ne5 14. Qe2 b5 15. a3 Nc6 16. Rfd1 Nxd4 17. Rxd4 Qe8 18. Rad1 Bc6 19. Bxc6 Qxc6 20. Qd3 Qf3 21. Qe2 Qxe2 22. Nxe2 h6 23. Bxf6 Bxf6 24. Rd6 a5 25. Rb6 Bxb2 26. Rxb5 Bxa3 27. Rxa5 Bb4 28. Rb5 Be7 29. Nd4 Bf6 30. Nf3 Rc2 31. Rd2 Rxd2 32. Nxd2 Rc8 33. Ne4 Bc3 1/2-1/2

[Event "GER Cup Net V3 U2000"]
[Site "Playchess.com INT"]
[Date "2020.05.27"]
[Round "3"]
[White "Koch, Yannick"]
[Black "Bascheck, Ralf"]
[Result "1-0"]
[WhiteElo "1831"]
[BlackElo "1487"]
[PlyCount "69"]
[EventDate "2020.05.27"]
[EventType "swiss (blitz)"]
[EventRounds "9"]
[EventCountry "GER"]
[SourceTitle "EXT 2021"]
[Source "ChessBase"]
[SourceDate "2020.10.23"]
[SourceVersion "1"]
[SourceVersionDate "2020.10.23"]
[SourceQuality "1"]

1. d4 Nf6 2. c4 g6 3. Nc3 d5 4. Nf3 Bg7 5. e3 0-0 6. Qb3 dxc4 7. Bxc4 c6 8. 0-0 Nbd7 9. Ng5 e6 10. Bxe6 fxe6 11. Nxe6 Qe7 12. Nc7+ Kh8 13. Nxa8 b6 14. Nc7 Nb8 15. Na8 Bb7 16. Nxb6 axb6 17. Qxb6 Na6 18. e4 Nb4 19. Bg5 h6 20. Bxf6 Rxf6 21. e5 Re6 22. Ne4 c5 23. Nd6 cxd4 24. Qxb7 Bxe5 25. Qxe7 Rxe7 26. Nc4 Bg7 27. Rfe1 Rc7 28. Ne5 d3 29. Rad1 d2 30. Nxg6+ Kh7 31. Nf8+ Bxf8 32. Rxd2 Nc2 33. Rc1 Bb4 34. Rdxc2 Rxc2 35. Rxc2 1-0

[Event "GER-ch Net Amateur Gr-B Vor1"]
[Site "Playchess.com INT"]
[Date "2020.04.14"]
[Round "3"]
[White "Bascheck, Ralf"]
[Black "Schmaelzle, Harald"]
[Result "0-1"]
[WhiteElo "1532"]
[BlackElo "1672"]
[PlyCount "136"]
[EventDate "2020.04.14"]
[EventType "swiss (blitz)"]
[EventRounds "9"]
[EventCountry "GER"]
[SourceTitle "EXT 2021"]
[Source "ChessBase"]
[SourceDate "2020.10.23"]
[SourceVersion "1"]
[SourceVersionDate "2020.10.23"]
[SourceQuality "1"]

1. Nf3 e6 2. g3 d5 3. Bg2 c6 4. 0-0 b6 5. d4 Bb7 6. c4 Nf6 7. Nc3 Be7 8. b3 Nbd7 9. Bb2 Rc8 10. Re1 0-0 11. e4 dxe4 12. Nxe4 Nxe4 13. Rxe4 c5 14. Re2 cxd4 15. Bxd4 Bf6 16. Rd2 Bxf3 17. Bxf3 Qe7 18. Bxf6 Nxf6 19. Bb7 Rcd8 20. Bf3 Rxd2 21. Qxd2 Rd8 22. Qe2 Qd6 23. Rd1 Qxd1+ 24. Qxd1 Rxd1+ 25. Bxd1 Kf8 26. f3 Ke7 27. Kf2 Kd6 28. b4 Ke5 29. Ke3 Nd7 30. Bc2 h6 31. f4+ Kd6 32. Kd4 f6 33. Bd1 e5+ 34. fxe5+ Nxe5 35. Be2 Nc6+ 36. Kc3 Ke5 37. a3 Nd4 38. Bd1 Nf5 39. Kd3 Ne7 40. Bf3 Nf5 41. Bd1 Ne7 42. Bf3 f5 43. Ke3 g5 44. Bb7 Ng6 45. Bg2 f4+ 46. gxf4+ Nxf4 47. Bf1 Ne6 48. Be2 Nd4 49. Bd3 Ne6 50. Be2 Nf4 51. Bf3 Ng6 52. Bh5 Ne7 53. Be2 Nf5+ 54. Kf3 Nd4+ 55. Ke3 Nxe2 56. Kxe2 Kd4 57. c5 bxc5 58. bxc5 Kxc5 59. Kf3 Kc4 60. Kg4 Kb3 61. Kh5 Kxa3 62. Kxh6 Kb4 63. Kxg5 a5 64. h4 a4 65. h5 a3 66. h6 a2 67. h7 a1Q 68. Kg6 Qh8 0-1